إدارة المشتريات والمخازن : (Record no. 14088)
[ view plain ]
| 000 -LEADER | |
|---|---|
| fixed length control field | 00934nam a22001937a 4500 |
| 008 - FIXED-LENGTH DATA ELEMENTS--GENERAL INFORMATION | |
| fixed length control field | 100615t xxu||||| |||| 00| 0 eng d |
| 082 ## - DEWEY DECIMAL CLASSIFICATION NUMBER | |
| Edition number | 22 |
| Classification number | 658.72 |
| Item number | ب ط ل |
| 100 ## - MAIN ENTRY--PERSONAL NAME | |
| 9 (RLIN) | 14761 |
| Personal name | البطل، منى محمد إبراهيم |
| 245 ## - TITLE STATEMENT | |
| Title | إدارة المشتريات والمخازن : |
| Remainder of title | استراتيجيا وإلكترونيا / |
| Statement of responsibility, etc | منى محمد إبراهيم البطل |
| 260 ## - PUBLICATION, DISTRIBUTION, ETC. (IMPRINT) | |
| Place of publication, distribution, etc | القاهرة: |
| Name of publisher, distributor, etc | ألفا والولاء للطباعة ، [2006] |
| Date of publication, distribution, etc | [2006] |
| 300 ## - PHYSICAL DESCRIPTION | |
| Extent | 373 ص ؛ |
| Dimensions | 24 سم |
| 500 ## - GENERAL NOTE | |
| General note | إهداء: د. سماء عطيه |
| 504 ## - BIBLIOGRAPHY, ETC. NOTE | |
| Bibliography, etc | ببليوجرافية: ص 365-373 |
| 650 ## - SUBJECT ADDED ENTRY--TOPICAL TERM | |
| 9 (RLIN) | 14762 |
| Topical term or geographic name as entry element | إدارة المشتريات |
| 650 ## - SUBJECT ADDED ENTRY--TOPICAL TERM | |
| 9 (RLIN) | 14763 |
| Topical term or geographic name as entry element | إدارة المخازن |
| 650 ## - SUBJECT ADDED ENTRY--TOPICAL TERM | |
| 9 (RLIN) | 14764 |
| Topical term or geographic name as entry element | الشراء |
| 942 ## - ADDED ENTRY ELEMENTS (KOHA) | |
| Source of classification or shelving scheme | Dewey Decimal Classification |
| Item type | Book - Borrowing |
| Withdrawn status | Item status | Source of classification or shelving scheme | Damaged status | Not for loan | Vendor | Home library | Current library | Shelving location | Date acquired | Source of acquisition | Total Checkouts | Total Renewals | Full call number | Barcode | Date last seen | Date last borrowed | Koha item type |
|---|---|---|---|---|---|---|---|---|---|---|---|---|---|---|---|---|---|
| Dewey Decimal Classification | Central Library | Central Library | First floor | 15/06/2010 | Donation | 3 | 4 | 658.72 الب | 000020399 | 15/07/2025 | 28/01/2018 | Book - Borrowing |